Painting and Sculpture In Europe 180-1980 (Record no. 240173)

MARC details
000 -LEADER
fixed length control field 00321pam a2200133 a 4500
020 ## - INTERNATIONAL STANDARD BOOK NUMBER
Terms of availability
041 ## - LANGUAGE CODE
Language code of original
082 ## - DEWEY DECIMAL CLASSIFICATION NUMBER
Classification number 750
Item number HAM
100 ## - MAIN ENTRY--PERSONAL NAME
Personal name Hamilton .
245 ## - TITLE STATEMENT
Title Painting and Sculpture In Europe 180-1980
Medium Textual Documents
260 ## - PUBLICATION, DISTRIBUTION, ETC.
Place of publication, distribution, etc. [s.l]:
Name of publisher, distributor, etc. Penguin Books Ltd,
Date of publication, distribution, etc. 1967.
300 ## - PHYSICAL DESCRIPTION
Extent 621:
Other physical details paper.
930 ## - EQUIVALENCE OR CROSS-REFERENCE-UNIFORM TITLE HEADING [LOCAL, CANADA]
Uniform title 6383
Holdings
Withdrawn status Lost status Damaged status Not for loan Collection Home library Current library Date acquired Source of acquisition Cost, normal purchase price Total Checkouts Full call number Barcode Date last seen Copy number Price effective from Koha item type
          College of Fine Arts, Pune College of Fine Arts, Pune 17/12/2011 Bhararti Sahakari Grahak Bhandar 1497.60   750 HAM FAP-6742 07/03/2023 1 07/03/2023 Book